000
00278nam a2200121 a 4500
008
100920s1977|||| d
100
1
_a
Xenofón
245
1
0
_a
Efezský príbeh o láske
020
_c
12
260
_a
Bratislava
_c
1977
_b
Tatran
044
_a
xo
_c
SK
041
_a
slo
999
_c
10515
_d
10515